| 000 | 00377nam a2200133 4500 | ||
|---|---|---|---|
| 999 |
_c513597 _d513597 |
||
| 008 | 200313b ||||| |||| 00| 0 eng d | ||
| 100 |
_aIype, Sarah _916752 |
||
| 245 | _aVocational education across schools in India | ||
| 260 | _bKurukshetra | ||
| 300 | _a68(4), Feb, 2020: p.40-44. | ||
| 773 | _aKurukshetra | ||
| 906 | _aVocational education - India | ||
| 942 |
_2ddc _cAR |
||